000 01622nam a2200193 a 4500
001 ASIN0349000093
005 20170105102923.0
008 131209s2012 xxu eng d
020 _a0349000093 (paperback)
_c$24.75
020 _a9780349000091 (paperback)
040 _a0
100 1 _aFriedman, Thomas L.
245 1 0 _aThat used to be us :
_bwhat went wrong with america - and how it can come back. thomas L. friedman and michael mandelbaum /
_cThomas L. Friedman.
260 _a[S.l.] :
_bAbacus Software,
_c2012.
300 _a400 p. ;
_c20 cm.
520 _aAmerica has a huge problem. It faces four major challenges, on which its future depends, and it is failing to meet them. In What's Wrong with America?, Thomas L. Friedman and Michael Mandelbaum analyze those challenges - globalization, the revolution in information technology, the nation's chronic deficits, and its pattern of energy consumption - and spell out what needs to be done now to rediscover America's power and prowess. They explain how the end of the cold war blinded the nation to the need to address these issues seriously. They show how America's history, when properly understood, provides the key to coping successfully and explain how the paralysis of the US political system and the erosion of key American values have made it impossible to carry out the policies the country needs. What's Wrong with America? is both a searching exploration of the American condition today and a rousing manifesto for American renewal.
856 4 0 _3Amazon.com
_uhttp://www.amazon.com/exec/obidos/ASIN/0349000093/chopaconline-20
942 _2ddc
_cBK
999 _c15672
_d15672